Top 15 of The Most Popular Songs of 2024 (Worldwide) - Statistics

General Stats
  • This quiz has been taken 61 times
  • The average score is 8 of 15
Answer Stats
Rank Artist (Version) Answer % Correct
3. Sabrina Carpenter Espresso
88%
11. Kendrick Lamar Not Like Us
81%
1. Benson Boone Beautiful Things
79%
7. Billie Eilish Birds Of A Feather
67%
6. Shaboozey A Bar Song (Tipsy)
63%
8. Hozier Too Sweet
63%
10. Noah Kahan Stick Season
62%
2. Teddy Swims Lose Control
60%
5. Tate McRae Greedy
50%
14. Post Malone, Morgan Wallen I Had Some Help
50%
4. Taylor Swift Cruel Summer
46%
13. Tommy Richman Million Dollar Baby
35%
15. Jung Kook, Latto Seven
27%
12. Zach Bryan, Kacey Musgraves I Remember Everything
21%
9. FloyyMenor, Cris Mj Gata Only
13%
No matching quizzes found
Score Distribution
Percent of People with Each Score
Percentile by Number Answered
Your Score History
You have not taken this quiz